| 000 | 00840nam a2200265Ia 4500 | ||
|---|---|---|---|
| 003 | OSt | ||
| 005 | 20220923211003.0 | ||
| 006 | a|||||r|||| 00| 0 | ||
| 007 | ta | ||
| 008 | 220922b |||||||| |||| 00| 0 hin d | ||
| 020 | _a8170164567 | ||
| 024 | _a171,022 | ||
| 037 | _cTextual | ||
| 040 |
_aARTS _cARTS _bhin |
||
| 041 |
_2hin _ahin |
||
| 082 | _aO152,6N165x, N9 | ||
| 100 |
_aश्रोत्रिय, प्रभाकर _9156877 |
||
| 245 | 0 | _aसमय का विवेक | |
| 246 | _aSamaya kā viveka | ||
| 260 |
_aनयी दिल्ली _b किताबघर _c1999 |
||
| 300 |
_a136पृ. _ccm. |
||
| 650 |
_aहिन्दी साहित्य _9156264 |
||
| 942 |
_hO152,6N165x, N9 _cTEXL _2CC |
||
| 999 |
_c293566 _d293566 |
||